00703nam a2200193Ii 450000100060000000300090000600800410001502000180005604000330007404100080010708200160011510000200013124501160015126401490026730000120041633600260042833700280045433800270048216061CO-ViMGA241108s9999||||xx |||||||||||||| ||und|| a9789587032321 aCO-ViMGAbspaerdacCO-ViMGA0 aunk04a371.39 O77d1 aIrene Ostrovsky10aDidáctica grupal :bestrategias de aprendizaje colaborativo : más de 1000 propuestas para aprender en grupo 1a[Lugar de publicación no identificado] : Editora Cultural Internacional ; Buenos Aires : Grupo Clasa, [Fecha de publicación no identificada] avolumen atextbtxt2rdacontent aunmediatedbn2rdamedia avolumebnc2rdacarrier